Estatutos para el régimen de los Colegios de Abogados del Reino (Record no. 37511)

MARC details
000 -LEADER
campo de control de longitud fija 00956nam a2200181 i 4500
001 - NÚMERO DE CONTROL
campo de control 37511
003 - IDENTIFICADOR DE NÚMERO DE CONTROL
campo de control ES-MaACL
005 - FECHA Y HORA DE LA ÚLTIMA TRANSACCIÓN
campo de control 20230906155605.0
007 - CAMPO FIJO DE DESCRIPCIÓN FÍSICA--INFORMACIÓN GENERAL
campo de control de longitud fija t|
008 - DATOS DE LONGITUD FIJA--INFORMACIÓN GENERAL
campo de control de longitud fija 030313s1870 sp ||||1| spa d
245 00 - MENCIÓN DEL TÍTULO
Título Estatutos para el régimen de los Colegios de Abogados del Reino
Resto del título : con los decretos y reales órdenes que los aclaran, modifican o derogan : precedidos de una reseña histórica sobre el Colegio de Madrid... y seguidos de una reseña histórica y de las constituciones de la Academia Matritense de Jurisprudencia y Legislación.
250 ## - MENCION DE EDICION
Mención de edición 2ª ed. corr. y aum.
Resto de la mención de edición con un apéndice de las disposiciones publicadas hasta fin del año 1870.
260 ## - PUBLICACIÓN, DISTRIBUCIÓN, ETC.
Lugar de publicación, distribución, etc. Madrid :
Nombre del editor, distribuidor, etc. Revista General de Legislación y Jurisprudencia,
Fecha de publicación, distribución, etc. 1870.
300 ## - DESCRIPCIÓN FÍSICA
Extensión 77 p. ;
Dimensiones 20 cm.
710 2# - ENTRADA AGREGADA--NOMBRE DE ENTIDAD CORPORATIVA
Nombre de entidad corporativa o nombre de jurisdicción como elemento de entrada Colegio de Abogados de Madrid.
9 (RLIN) 2891
710 ## - ENTRADA AGREGADA--NOMBRE DE ENTIDAD CORPORATIVA
Nombre de entidad corporativa o nombre de jurisdicción como elemento de entrada Academia Matritense de Jurisprudencia y Legislación.
9 (RLIN) 1204
852 ## - LOCALIZACIÓN
Ubicación ES-MaACL
Número de control de estantería L-4902(9-5)
Holdings
Estatus retirado Estado de pérdida Estado de daño No para préstamo Colección Biblioteca de origen Biblioteca actual Ubicación en estantería Fecha de adquisición Fuente de adquisición Total de préstamos Signatura topográfica completa Código de barras Visto por última vez Precio de reemplazo Tipo de ítem Koha
        Libros del s. XIX Biblioteca del Ateneo de Madrid Biblioteca del Ateneo de Madrid Depósito 2 17/01/2008     L-4902(9-5) 1039480 23/02/2023 23/02/2023 Libro impreso antiguo